| 000 | 00462 a2200169 4500 | ||
|---|---|---|---|
| 999 |
_c8071 _d8071 |
||
| 020 | _a9780860037651 | ||
| 050 | _aN1 WHI 2006 | ||
| 100 |
_aWhite, Bob _eauthor |
||
| 245 |
_aAdvanced art and design / _cby Bob White and Mark White |
||
| 264 |
_aOxfordshire: _bPhillip Allan Updates, _c2006. |
||
| 300 | _a322p. : | ||
| 500 | _aIncludes index | ||
| 650 |
_aArt _xModern |
||
| 650 |
_aDesign _xModern |
||
| 700 |
_aWhite, Mark _eauthor |
||
| 942 |
_2lcc _cBK _h1 _iWHI _kN |
||